Bezpečnosť informačných technológií

Internetová bezpečnosť - základné princípy. Internetová ochrana. Bezpečnosť IT pre malé a stredné firmy. Bezpečnosť IT podľa ISO noriem - základné pojmy, bezpečnostné funkcie a mechanizmy, zásady výstavby bezpečnostnej politiky IT.

Guardado en:
Detalles Bibliográficos
Autor principal: Valovič, Peter
Formato: Capítulo de libro
Lenguaje:eslovaco
Materias:
Etiquetas: Agregar Etiqueta
Sin Etiquetas, Sea el primero en etiquetar este registro!

MARC

LEADER 00000naa$a2200000$$$4500
001 0052722
005 20231116125155.2
041 0 |a slo 
044 |a SK 
245 1 0 |a Bezpečnosť informačných technológií  |c Peter Valovič 
520 |a Internetová bezpečnosť - základné princípy. Internetová ochrana. Bezpečnosť IT pre malé a stredné firmy. Bezpečnosť IT podľa ISO noriem - základné pojmy, bezpečnostné funkcie a mechanizmy, zásady výstavby bezpečnostnej politiky IT. 
610 2 0 |a internet 
610 2 0 |a technológie informačné 
610 2 0 |a bezpečnosť 
610 2 0 |a ochrana informácií 
610 2 0 |a normy ISO 
100 1 |a Valovič, Peter